| 000 | 02280nam0a2200373 4500 | ||
|---|---|---|---|
| 001 | RU\NLR\bibl\1805175 | ||
| 005 | 20260407213920.0 | ||
| 021 |
_aRU _b2011-58607 _94143 |
||
| 035 | _a(nilc)RSL-KNO-004982957 | ||
| 035 | _a(NLR Aleph) 001795820 | ||
| 090 |
_a1781127 _c1781127 |
||
| 100 | _a20110802d2010 |||y0rusy50 ca | ||
| 101 | 0 | _arus | |
| 102 | _aRU | ||
| 105 | _aa ||||||||| | ||
| 200 | 1 |
_aСиндром Вольфа-Паркинсона-Уайта _eпрактическое пособие для студентов, интернов и клинических ординаторов _fМ-во здравоохранения и социального развития Российской Федерации, Санкт-Петербургский гос. мед. ун-т им. И. П. Павлова, Каф. факультетской хирургии _g[В.М. Седов и др.] |
|
| 210 |
_aСанкт-Петербург _cИзд-во СПбГМУ _d2010 |
||
| 215 |
_a83 с. _cил., табл. _d20 |
||
| 320 | _aБиблиогр.: с. 75-82 (115 назв.) | ||
| 606 | 1 |
_aВольфа-Паркинсона-Уайта синдром _jРуководства, пособия и т.п. _92077026 _3RU\NLR\auth\661252408 |
|
| 610 | 0 | _aВольфа-Паркинсона-Уайта синдром | |
| 686 |
_aР410.109-32,07 _2rubbk |
||
| 686 | _aР410.109.6я7 | ||
| 702 | 1 |
_aВольф _bЛ. _gЛьюис _4570 |
|
| 702 | 1 |
_aПаркинсон _bД. _gДжон _4570 |
|
| 702 | 1 |
_4570 _7ca _8rus _aУайт _bП. Д. _f1886-1973 _gПол Дадли _995675 _3RU\NLR\auth\77112750 |
|
| 702 | 1 |
_4220 _7ca _8rus _aСедов _bВ. М. _cд-р мед. наук _gВалерий Михайлович _94101 _3RU\NLR\auth\7721035 |
|
| 712 | 0 | 2 |
_4570 _aСанкт-Петербургский государственный медицинский университет им. И. П. Павлова _bКафедра хирургии факультетской с курсами лапароскопической и сердечно-сосудистой хирургии с клиникой _9781585 _3RU\NLR\AUTH\8810143497 |
| 801 | 0 |
_aRU _bRuMoRKP _c20110802 _grcr |
|
| 801 | 1 |
_aRU _bРГБ _c20110802 |
|
| 801 | 2 |
_aRU _bNLR _c20110905 _grcr |
|
| 942 | _cBOOK | ||
| 980 | _aNB | ||